[Event "Mecklenburg VP LL2 West 1314"]
[Site "Mecklenburg VP"]
[Date "2014.04.06"]
[Round "8.3"]
[White "Konrad, Andreas"]
[Black "Schubert, Erik"]
[Result "0-1"]
[WhiteElo "1757"]
[BlackElo "1683"]
[PlyCount "75"]
[EventDate "2013.10.27"]
[EventType "team-tourn"]
[EventRounds "9"]
[EventCountry "GER"]
[SourceTitle "EXT 2022"]
[Source "ChessBase"]
[SourceDate "2021.10.06"]
[SourceVersion "1"]
[SourceVersionDate "2021.10.06"]
[SourceQuality "1"]
[WhiteTeam "Mecklenburger Springer SC"]
[BlackTeam "Wismar ASV Gruen-Weiss II"]
[WhiteTeamCountry "GER"]
[BlackTeamCountry "GER"]

1. e4 e6 2. Qe2 b6 3. g3 Bb7 4. Nf3 Nc6 5. Bg2 Nge7 6. d4 d5 7. exd5 Nxd5 8. 0-0 Be7 9. Rd1 0-0 10. c4 Nf6 11. Be3 Nb8 12. Nc3 Nbd7 13. Ne5 Bxg2 14. Kxg2 Nxe5 15. dxe5 Nd7 16. Rd4 Bc5 17. Rg4 Bxe3 18. Qxe3 Qe7 19. Rd1 a5 20. Rh4 Nc5 21. Rg4 Rad8 22. Rxd8 Rxd8 23. Qh6 g6 24. Rh4 f5 25. exf6 Qf7 26. a3 a4 27. Qg5 Rf8 28. Qh6 Rd8 29. Qf4 Nd3 30. Qh6 Nxb2 31. Ne4 Rd4 32. Qe3 e5 33. Ng5 Nxc4 34. Qxd4 exd4 35. Nxf7 Kxf7 36. Rxd4 b5 37. Rxc4 bxc4 38. Kf3 0-1

[Event "Mecklenburg VP LL2 West 1314"]
[Site "Mecklenburg VP"]
[Date "2013.11.10"]
[Round "2.5"]
[White "Schulz, Gerhard1111"]
[Black "Schubert, Erik"]
[Result "1/2-1/2"]
[WhiteElo "1679"]
[BlackElo "1683"]
[PlyCount "40"]
[EventDate "2013.10.27"]
[EventType "team-tourn"]
[EventRounds "9"]
[EventCountry "GER"]
[SourceTitle "EXT 2022"]
[Source "ChessBase"]
[SourceDate "2021.10.06"]
[SourceVersion "1"]
[SourceVersionDate "2021.10.06"]
[SourceQuality "1"]
[WhiteTeam "Ludwigslust Post SV II"]
[BlackTeam "Wismar ASV Gruen-Weiss II"]
[WhiteTeamCountry "GER"]
[BlackTeamCountry "GER"]

1. d4 d5 2. Nf3 Nf6 3. e3 Bf5 4. c3 Nbd7 5. Bd3 Bg6 6. Qe2 e6 7. Nbd2 c5 8. 0-0 Bd6 9. dxc5 Nxc5 10. Bxg6 hxg6 11. Nb3 Nfd7 12. Nxc5 Bxh2+ 13. Nxh2 Qh4 14. f3 Qxh2+ 15. Kf2 Qh4+ 16. Kg1 Nxc5 17. Qb5+ Nd7 18. Qxb7 Rd8 19. Qc7 Qh1+ 20. Kf2 Qh4+ 1/2-1/2

[Event "Mecklenburg VP LL2 West 1213"]
[Site "Mecklenburg VP"]
[Date "2013.04.14"]
[Round "8.4"]
[White "Schult, Tobias"]
[Black "Schubert, Erik"]
[Result "1/2-1/2"]
[WhiteElo "1623"]
[BlackElo "1696"]
[PlyCount "62"]
[EventDate "2012.10.14"]
[EventType "team-tourn"]
[EventRounds "9"]
[EventCountry "GER"]
[SourceTitle "EXT 2022"]
[Source "ChessBase"]
[SourceDate "2021.10.06"]
[SourceVersion "1"]
[SourceVersionDate "2021.10.06"]
[SourceQuality "1"]
[WhiteTeam "Parchim SV Blau-Weiss 69"]
[BlackTeam "Wismar ASV Gruen-Weiss II"]
[WhiteTeamCountry "GER"]
[BlackTeamCountry "GER"]

1. e4 e5 2. Nf3 Nc6 3. Bb5 a6 4. Ba4 b5 5. Bb3 Nf6 6. d3 Bc5 7. 0-0 0-0 8. c3 d5 9. exd5 Nxd5 10. Nxe5 Bxf2+ 11. Rxf2 Nxe5 12. h3 Nb6 13. d4 Nec4 14. Qf3 Nd6 15. Bf4 Bb7 16. Qg4 Kh8 17. Nd2 f5 18. Qg3 Qf6 19. Re1 Rae8 20. Rfe2 Rxe2 21. Rxe2 Bd5 22. Be5 Qh6 23. Bxd6 cxd6 24. Qe3 Qf6 25. Qe7 Bxb3 26. axb3 Kg8 27. Re6 Qxe7 28. Rxe7 Rf7 29. Rxf7 Kxf7 30. Kf2 Kf6 31. c4 g5 1/2-1/2

[Event "Mecklenburg VP LL2 West 1213"]
[Site "Mecklenburg VP"]
[Date "2013.01.13"]
[Round "5.5"]
[White "Miedeck, Franz"]
[Black "Schubert, Erik"]
[Result "1/2-1/2"]
[WhiteElo "1626"]
[BlackElo "1696"]
[PlyCount "52"]
[EventDate "2012.10.14"]
[EventType "team-tourn"]
[EventRounds "9"]
[EventCountry "GER"]
[SourceTitle "EXT 2022"]
[Source "ChessBase"]
[SourceDate "2021.10.06"]
[SourceVersion "1"]
[SourceVersionDate "2021.10.06"]
[SourceQuality "1"]
[WhiteTeam "Kuehlungsborn SV Empor"]
[BlackTeam "Wismar ASV Gruen-Weiss II"]
[WhiteTeamCountry "GER"]
[BlackTeamCountry "GER"]

1. e4 c5 2. Nf3 Nc6 3. c3 e6 4. d4 d5 5. exd5 exd5 6. Be2 Nf6 7. 0-0 Be7 8. dxc5 Bxc5 9. b4 Bb6 10. a4 0-0 11. a5 Bc7 12. Na3 Be6 13. Nb5 Ne4 14. Bb2 a6 15. Nxc7 Qxc7 16. Rc1 Nd6 17. Nd4 Nxd4 18. Qxd4 Nc4 19. Ba1 Rac8 20. f4 f5 21. Bf3 Rfd8 22. Rfe1 Qd7 23. Rcd1 Bf7 24. Re2 Re8 25. Rxe8+ Rxe8 26. Kf2 Rd8 1/2-1/2